Normal view
MARC view
Entry Topical Term
001 - CONTROL NUMBER
- control field: 1108
003 - CONTROL NUMBER IDENTIFIER
- control field: ARRUPE
005 - DATE AND TIME OF LATEST TRANSACTION
- control field: 20130924173247.0
008 - FIXED-LENGTH DATA ELEMENTS
- fixed length control field: 130924|| aca||aabn | a|a d
040 ## - CATALOGING SOURCE
- Original cataloging agency: ARRUPE
- Transcribing agency: ARRUPE
150 ## - HEADING--TOPICAL TERM
- Topical term or geographic name as entry element: Christian education of adults.
670 ## - SOURCE DATA FOUND
- Source citation: Work cat.: (ARRUPE)0: Brennan, Gemma. 1107, Adult religious education :, 1984.